00307nam a2200097 a 4500008004100000050001600041245004100057246005500098260004700153350000900200120416s1993 ||||||||||||||||| || u aHF 5667 Ame10aAICPA professional standards, vol. 2 aAmerican Institute of Certified Public Accountants aChicagobCommerce Clearing House Incc1993 a0.00